[Event "XIII Figueira da Foz Open 2019"]
[Site "Figueira da Foz"]
[Date "2019.10.29"]
[Round "3.12"]
[White "Morais, Mario Martins Freita"]
[Black "Roettgen, Juergen"]
[Result "1/2-1/2"]
[WhiteElo "1742"]
[BlackElo "2157"]
[Annotator "TA"]
[PlyCount "69"]
[EventDate "2019.10.27"]
[EventType "swiss"]
[EventCountry "POR"]
[SourceTitle "playchess.com"]
[Source "ChessBase"]
[SourceQuality "1"]

{[%evp 9,69,26,26,26,25,24,27,19,32,25,22,22,60,62,67,20,22,-20,39,0,15,-50,-62,-51,-12,-81,-89,-120,-106,-195,-237,-243,-247,-223,-266,-319,-292,-331,42,49,57,66,30,28,41,51,81,70,70,70,135,126,154,129,144,79,74,49,98,63,185,0]} 1. d4 d6 2. c4 Nf6 3. Qc2 (3. Nf3 g6 4. g3 Bg7 5. Bg2 O-O 6. Nc3 Nbd7 7. O-O e5 8. e4 exd4 9. Nxd4 Re8 10. Re1 Nc5 11. Nb3 Ne6 12. Be3 a5 13. h3 Bd7 14. a4 Bc6 15. Nd4 Nxd4 16. Bxd4 Nd7 17. Bxg7 Kxg7 18. Nb5 Bxb5 19. axb5 {0-1 (38) Fridman,D (2638)-Nisipeanu,L (2672) Dortmund 2019}) 3... e5 4. d5 Nbd7 5. Nc3 Be7 6. e4 {A53: Old Indian Defence without Nf3} O-O 7. Be2 a5 8. Nf3 {White has an edge.} Ne8 9. b3 Nc5 10. Be3 Nd7 $146 ({Predecessor:} 10... b6 11. Bxc5 bxc5 12. Bd3 g6 13. h3 f5 14. O-O-O Bd7 {1-0 (54) Chalmeta Torredemer,J (2144)-Tebar Ramon,M (2067) Sant Boi 2016}) 11. O-O g6 12. Nd2 Ng7 13. g4 c6 (13... Nf6 $11) 14. h3 Bg5 15. f4 (15. Bxg5 $11 Qxg5 16. Nf3) 15... exf4 $15 16. Bxf4 Ne5 17. Bxe5 (17. Bxg5 $1 $11 Qxg5 18. Nf3 Nxf3+ 19. Bxf3 (19. Rxf3 h5 $11)) 17... dxe5 $17 18. Nf3 Bf4 $1 19. Kf2 (19. Kh1 $17 {is a better defense.}) 19... f5 $19 20. gxf5 gxf5 21. Bd3 Kh8 22. Ne2 cxd5 ({Less strong is} 22... fxe4 23. Bxe4 Bh6 24. Kg2 $19) 23. exd5 Qb6+ $2 (23... Bh6 $1 $19 {Threatens to win with ...e4.} 24. Nxe5 Qh4+ 25. Kg2 (25. Kg1 $2 Qxh3 26. Nf4 Bxf4 $19) 25... f4) 24. c5 $1 $14 {[%cal Rc5b6]} Qh6 25. Nxf4 Qxf4 26. Qd2 $1 {[%cal Rd2f4]} Qxd2+ 27. Nxd2 Nh5 28. Nc4 Nf4 29. Nxe5 {Black must now prevent Bc4.} Re8 (29... Nxd5 $14 30. Bc4 Be6) 30. Kf3 $1 $16 {[%cal Rf3f4]} Rxe5 31. Kxf4 Rxd5 {[%mdl 64] Double Attack} 32. Bc4 (32. Rad1 $142) 32... Rd4+ 33. Ke5 Re4+ {[#]} 34. Kd6 $1 {Rae1 is the strong threat.} Rd4+ {[#]} (34... f4 $1 $14) 35. Ke5 $2 {Accuracy: White = 38%, Black = 48%.} ({White must play} 35. Kc7 $1 $18 f4 36. Rad1 Rxd1 37. Rxd1 Bxh3 38. Kxb7) 1/2-1/2

[Event "XIII Figueira da Foz Open 2019"]
[Site "Figueira da Foz"]
[Date "2019.10.29"]
[Round "3.13"]
[White "Correia, Mario"]
[Black "Barrento, Jorge Maria Lopes"]
[Result "1-0"]
[WhiteElo "2140"]
[BlackElo "1739"]
[Annotator "TA"]
[PlyCount "85"]
[EventDate "2019.10.27"]
[EventType "swiss"]
[EventCountry "POR"]
[SourceTitle "playchess.com"]
[Source "ChessBase"]
[SourceQuality "1"]

{[%evp 9,85,0,6,2,28,27,25,5,46,40,46,47,51,50,45,43,67,33,27,25,26,12,5,12,15,27,86,72,76,32,22,0,13,-32,5,5,5,5,0,0,87,38,42,42,274,257,241,0,0,0,0,0,119,-9,119,113,104,-113,14,-197,-197,-29999,-120,-118,0,-84,-81,-79,0,0,0,0,0,0,0,0,0,-79]} 1. d4 d5 2. Nf3 Nc6 3. Bf4 Bf5 4. c3 e6 5. e3 Bd6 6. Bg3 {D02: 1 d4 d5 2 Nf3 sidelines, including 2...Nf6 3 g3 and 2...Nf6 3 Bf4} (6. Bb5 Nge7 7. Ne5 O-O 8. Nd2 f6 9. Nxc6 bxc6 10. Ba4 Bxf4 11. exf4 Qd6 12. Qf3 c5 13. dxc5 Qxc5 {½-½ (36) Javakhishvili,L (2456)-Arabidze,M (2373) Riga 2017}) 6... Bg4 7. Nbd2 Nf6 8. Bd3 {White has an edge.} e5 $146 ({Predecessor:} 8... O-O 9. Qc2 Bxg3 10. hxg3 Re8 11. Bxh7+ Nxh7 12. Qxh7+ Kf8 13. Qh8+ {1-0 (29) Hadler,J (1327)-Rohrleitner,N (1318) Linz 2013}) 9. dxe5 Nxe5 10. Bxe5 Bxe5 11. Qb3 Bd6 12. Qxb7 Rb8 13. Bb5+ Kf8 14. Qa6 Rb6 15. Qa4 Qb8 $36 {[%mdl 2048] Black fights for an advantage.} 16. Bd3 Rxb2 17. O-O h5 (17... c5 $11) 18. Rab1 Rb6 19. Rxb6 axb6 20. h4 Bd7 21. Bb5 Bxb5 22. Qxb5 Qa8 23. a4 g6 24. c4 Ke7 (24... Kg7 $11 {remains equal.}) 25. Nd4 Kf8 26. Nc6 Ne4 $2 ({Black should try} 26... dxc4 $14 27. Nxc4 Kg7) 27. Nxe4 $1 $18 ({And not} 27. cxd5 Nxd2 28. Qb2 Kg8 $11) 27... dxe4 28. f3 $2 (28. Rd1 $18 {Strongly threatening a5.} Qc8 29. a5) 28... Qe8 $11 29. Qd5 Kg7 30. fxe4 Rf8 (30... f6 $11) 31. Kh1 ({White has to play} 31. e5 $16 Bc5 32. Rf3) 31... Qe6 (31... Bg3 $11 {keeps the balance.}) 32. e5 $16 Bc5 {[#]} 33. Rd1 $2 (33. Qxe6 $1 $16 fxe6 34. Rxf8 Kxf8 35. Nd4) 33... Bxe3 (33... Qg4 $17 34. Qf3 Qxh4+ 35. Kg1 Qxc4) 34. Qd7 $2 (34. Qxe6 $11 {and White stays safe.} fxe6 35. Nd8) 34... Qxc4 $19 {[%mdl 64] Double Attack} 35. Qxc7 $2 (35. Nd4 $19) 35... Bf4 $2 (35... Qxh4# {mates}) 36. Qd6 $17 Qe6 ({Better is} 36... Qe2 $17 {Threatens to win with ...Qg4.} 37. Qf6+ Kh7) 37. Rd4 (37. Qxe6 $1 $11 fxe6 38. Nd8) 37... Bg3 38. Rd3 {[#]} Bf4 (38... Qg4 $1 $17 {[%cal Rg4h4]} 39. Qf6+ Kg8 40. Ne7+ {[%mdl 64] Discovered Attack} Kh7) 39. Qxe6 $11 {The position is equal.} fxe6 40. g3 Rc8 41. Rd7+ Kf8 $1 42. Rd6 Bxg3 43. Kg2 {[%mdl 32768] Accuracy: White = 36%, Black = 38%. . Sensor Board Error (Ke4/e5)?} (43. Rxe6 $11 Bxh4 44. Rxg6) 1-0

[Event "XIII Figueira da Foz Open 2019"]
[Site "Figueira da Foz"]
[Date "2019.10.29"]
[Round "3.14"]
[White "Correia, Pedro Mourao Soares"]
[Black "Pintor, Simao Maciel Abranch"]
[Result "0-1"]
[WhiteElo "1529"]
[BlackElo "2137"]
[Annotator "TA"]
[PlyCount "50"]
[EventDate "2019.10.27"]
[EventType "swiss"]
[EventCountry "POR"]
[SourceTitle "playchess.com"]
[Source "ChessBase"]
[SourceQuality "1"]

{[%evp 9,98,-7,0,-12,-5,-38,-56,-58,-30,-30,-38,-37,-16,-33,-20,-33,-4,-22,8,0,0,0,8,-27,-16,-26,-22,-26,-26,-64,-64,-88,-98,-169,-169,-232,-226,-271,-264,-260,-88,-107,-60,-62,-60,-73,-17,-50,-49,-106,-85,-152,-149,-201,-169,-185,-158,-152,-143,-133,0,-2,0,0,0,0,0,-224,-174,-143,-8,-239,-239,-594,-587,-902,-796,-999,-925,-778,-761,-1436,-1397,-6512,-6179,-29987,-29982,-29979,-29980,-29977,-29979]} 1. e4 c5 2. Nf3 g6 3. c3 Bg7 4. d4 cxd4 5. Nxd4 (5. cxd4 d5 6. e5 Nh6 7. Nc3 O-O 8. h3 f6 9. exf6 Rxf6 10. Bg5 Rf8 11. Bb5 Nf5 12. O-O Nc6 13. Bxc6 bxc6 14. Qd2 {1-0 (31) Vachier Lagrave,M (2780)-Sebenik,M (2540) chess.com INT 2019}) 5... Nf6 6. Bd3 {B27: Sicilian: 2 Nf3, unusual Black 2nd moves} (6. e5 $5 {[%cal Re5f6]} Nd5 7. Nf3 $11) 6... O-O 7. Be3 d5 8. Nd2 {Black is slightly better.} Nc6 9. Nxc6 $146 ({Predecessor:} 9. O-O e5 10. N4b3 Re8 11. Re1 b6 12. exd5 Qxd5 13. Bc4 Qd8 14. Bg5 Bb7 15. Qe2 {½-½ (55) Schoellmann,J (2264)-Zwanzger,J (2326) Germany 2012}) 9... bxc6 10. Qc2 Ng4 11. Bc5 Ne5 12. Be2 Qc7 13. O-O dxe4 14. Qxe4 Bf5 15. Qe3 Rfd8 16. Bd4 c5 17. Bxe5 $1 Bxe5 18. f4 Bg7 19. Bc4 Rab8 20. Nb3 a5 {[%cal Ba7a5,Ba5a4][%mdl 32]} 21. Rad1 (21. a4 $17) 21... a4 $19 22. Rxd8+ (22. Nxc5 {was called for.} Rxd1 23. Rxd1) 22... Qxd8 23. Nxc5 Rxb2 24. Nxa4 Rd2 $2 (24... Rc2 $1 $19 {and Black stays clearly on top. Hoping for ...Rxc3!} 25. Rf2 e6) 25. Re1 {[#]} Rc2 {Played: Rd2-d4} 0-1

[Event "XIII Figueira da Foz Open 2019"]
[Site "Figueira da Foz"]
[Date "2019.10.29"]
[Round "3.16"]
[White "Tadevosyan, Aspet"]
[Black "Marcal, Armando Paulo Gomes"]
[Result "1-0"]
[WhiteElo "1998"]
[BlackElo "1706"]
[Annotator "NA RC"]
[PlyCount "53"]
[EventDate "2019.10.27"]
[EventType "swiss"]
[EventCountry "POR"]
[SourceTitle "playchess.com"]
[Source "ChessBase"]
[SourceQuality "1"]
[TimeControl "40/5400+30:1800+30"]

1. e4 {[%emt 0:00:00]} c6 {[%emt 0:00:22]} 2. Nc3 {[%emt 0:00:00]} d5 {[%emt 0:00:26]} 3. Nf3 {[%emt 0:00:00]} dxe4 {[%emt 0:02:18]} 4. Nxe4 {[%emt 0:00:00]} Nf6 {[%emt 0:00:54]} 5. Qe2 {[%emt 0:02:01]} Nxe4 {[%emt 0:02:19]} 6. Qxe4 {[%emt 0:00:08]} Qd5 {[%emt 0:04:15]} 7. Qf4 {[%emt 0:02:36]} Qf5 {[%emt 0:05:40]} 8. Qe3 {[%emt 0:00:41]} e6 {[%emt 0:01:20]} 9. Bd3 {[%emt 0:04:05]} Qf6 {[%emt 0:02:21]} 10. Rb1 {[%emt 0:04:44]} Bd6 {[%emt 0:01:03]} 11. b3 {[%emt 0:00:10]} Bf4 {[%emt 0:06:24]} 12. Qe4 {[%emt 0:09:33]} Bh6 {[%emt 0:02:08]} 13. Bb2 {[%emt 0:04:40]} Qe7 $16 {[%emt 0:01:56]} 14. g4 {[%emt 0:10:57]} Nd7 {[%emt 0:05:18]} 15. g5 {[%emt 0:05:15]} Bxg5 {[%emt 0:03:45]} 16. Nxg5 {[%emt 0:14:33]} Qxg5 {[%emt 0:01:35]} 17. h4 {[%emt 0:00:10]} Qh6 {[%emt 0:00:56]} 18. Qg4 {[%emt 0:07:25]} e5 {[%emt 0:16:40]} 19. Qe4 {[%emt 0:03:05]} O-O {[%emt 0:00:42]} 20. Qe3 {[%emt 0:11:07]} Qf4 {[%emt 0:01:45]} 21. Ke2 {[%emt 0:01:41]} Re8 {[%emt 0:12:25]} 22. Rbg1 {[%emt 0:00:41]} Nf6 {[%emt 0:01:26]} 23. Qxf4 {[%emt 0:04:32]} exf4+ {[%emt 0:00:18]} 24. Kf3 {[%emt 0:00:04]} h5 {[%emt 0:06:41]} 25. Bxf6 {[%emt 0:01:26]} Bg4+ {[%emt 0:00:32]} 26. Kxf4 {[%emt 0:00:06]} gxf6 {[%emt 0:01:12]} 27. f3 {[%emt 0:00:13]} 1-0

[Event "XIII Figueira da Foz Open 2019"]
[Site "Figueira da Foz"]
[Date "2019.10.29"]
[Round "3.17"]
[White "Dong, Fabio"]
[Black "Gama, Joao Goncalo Cerejei"]
[Result "1/2-1/2"]
[WhiteElo "1410"]
[BlackElo "1712"]
[Annotator "NA RC"]
[PlyCount "124"]
[EventDate "2019.10.27"]
[EventType "swiss"]
[EventCountry "POR"]
[SourceTitle "playchess.com"]
[Source "ChessBase"]
[SourceQuality "1"]
[TimeControl "40/5400+30:1800+30"]

1. c4 {[%emt 0:00:00]} c5 {[%emt 0:00:00]} 2. Nc3 {[%emt 0:00:00]} Nc6 {[%emt 0:00:00]} 3. g3 {[%emt 0:00:01]} g6 {[%emt 0:00:00]} 4. Bg2 {[%emt 0:00:16]} Bg7 {[%emt 0:00:00]} 5. Nf3 {[%emt 0:00:13]} Nf6 {[%emt 0:00:00]} 6. O-O {[%emt 0:00:24]} O-O {[%emt 0:00:06]} 7. d4 {[%emt 0:00:28]} cxd4 {[%emt 0:07:35]} 8. Nxd4 {[%emt 0:00:26]} a6 {[%emt 0:01:34]} 9. h3 {[%emt 0:08:20]} Qc7 {[%emt 0:05:19]} 10. Be3 {[%emt 0:05:42]} d6 {[%emt 0:04:04]} 11. Nd5 {[%emt 0:05:13]} Nxd5 {[%emt 0:06:23]} 12. cxd5 {[%emt 0:01:29]} Nxd4 {[%emt 0:03:52]} 13. Bxd4 {[%emt 0:00:17]} b5 {[%emt 0:00:04]} 14. Bxg7 {[%emt 0:01:28]} Kxg7 {[%emt 0:00:04]} 15. Qd4+ {[%emt 0:00:33]} f6 {[%emt 0:00:46]} 16. Rac1 {[%emt 0:04:01]} Qa5 {[%emt 0:02:43]} 17. a3 {[%emt 0:02:23]} Bd7 {[%emt 0:03:44]} 18. Rc3 {[%emt 0:03:38]} Rac8 {[%emt 0:04:41]} 19. Rfc1 {[%emt 0:01:59]} Rxc3 {[%emt 0:16:16]} 20. Qxc3 {[%emt 0:04:08]} Qxc3 {[%emt 0:09:14]} 21. Rxc3 {[%emt 0:00:15]} Rc8 {[%emt 0:00:01]} 22. Rxc8 {[%emt 0:00:38]} Bxc8 {[%emt 0:00:03]} 23. h4 {[%emt 0:00:33]} a5 {[%emt 0:00:21]} 24. e4 {[%emt 0:03:46]} b4 {[%emt 0:05:01]} 25. axb4 {[%emt 0:00:09]} axb4 {[%emt 0:00:10]} 26. Kf1 {[%emt 0:00:18]} Ba6+ {[%emt 0:00:32]} 27. Ke1 {[%emt 0:00:32]} g5 {[%emt 0:02:33]} 28. hxg5 {[%emt 0:02:12]} fxg5 {[%emt 0:00:04]} 29. f3 {[%emt 0:06:45]} h5 {[%emt 0:01:45]} 30. Kd2 {[%emt 0:01:55]} Kf6 {[%emt 0:08:58]} 31. Bh3 {[%emt 0:01:50]} Ke5 {[%emt 0:09:07]} 32. Ke3 {[%emt 0:01:03]} g4 {[%emt 0:01:14]} 33. fxg4 {[%emt 0:00:23]} Bc8 {[%emt 0:00:11]} 34. Bg2 {[%emt 0:04:13]} Bxg4 {[%emt 0:02:52]} 35. Bh1 {[%emt 0:01:52]} Bd1 {[%emt 0:02:01]} 36. Bg2 {[%emt 0:00:30]} Bg4 {[%emt 0:00:44]} 37. Bh1 {[%emt 0:00:21]} e6 {[%emt 0:00:06]} 38. dxe6 {[%emt 0:00:51]} Bxe6 {[%emt 0:00:05]} 39. Bf3 {[%emt 0:01:24]} Bg4 {[%emt 0:02:56]} 40. Bg2 {[%emt 0:00:00]} b3 {[%emt 0:00:00]} 41. Bf1 {[%emt 0:05:10]} Bd1 {[%emt 0:04:28]} 42. Bg2 {[%emt 0:00:37]} Bg4 {[%emt 0:02:00]} 43. Bf1 {[%emt 0:01:06]} Be6 {[%emt 0:00:52]} 44. Bg2 {[%emt 0:00:33]} d5 {[%emt 0:06:33]} 45. exd5 {[%emt 0:00:18]} Bxd5 {[%emt 0:00:04]} 46. Bxd5 {[%emt 0:00:16]} Kxd5 {[%emt 0:00:03]} 47. Kd3 {[%emt 0:00:12]} Ke5 {[%emt 0:00:47]} 48. Ke3 {[%emt 0:01:18]} Kf5 {[%emt 0:03:47]} 49. Kf3 {[%emt 0:00:10]} Kg5 {[%emt 0:01:00]} 50. Kf2 {[%emt 0:01:23]} Kg4 {[%emt 0:01:08]} 51. Kg2 {[%emt 0:00:14]} Kg5 {[%emt 0:00:33]} 52. Kh3 {[%emt 0:00:15]} Kf5 {[%emt 0:05:33]} 53. Kh4 {[%emt 0:01:04]} Ke4 {[%emt 0:03:35]} 54. Kxh5 {[%emt 0:00:12]} Kd3 {[%emt 0:00:02]} 55. g4 {[%emt 0:00:09]} Kc2 {[%emt 0:00:01]} 56. g5 {[%emt 0:00:06]} Kxb2 {[%emt 0:00:04]} 57. g6 {[%emt 0:00:04]} Kc3 {[%emt 0:00:28]} 58. g7 {[%emt 0:00:08]} b2 {[%emt 0:00:03]} 59. g8=Q {[%emt 0:00:07]} b1=Q {[%emt 0:00:13]} 60. Qc8+ {[%emt 0:00:18]} Kd2 {[%emt 0:00:44]} 61. Qd7+ {[%emt 0:00:13]} Qd3 {[%emt 0:00:06]} 62. Qxd3+ {[%emt 0:00:06]} Kxd3 {[%emt 0:00:01]} 1/2-1/2

[Event "XIII Figueira da Foz Open 2019"]
[Site "Figueira da Foz"]
[Date "2019.10.29"]
[Round "3.18"]
[White "Rato, Eduardo"]
[Black "Babo, Miguel"]
[Result "0-1"]
[WhiteElo "1693"]
[BlackElo "1827"]
[Annotator "NA RC"]
[PlyCount "68"]
[EventDate "2019.10.27"]
[EventType "swiss"]
[EventCountry "POR"]
[SourceTitle "playchess.com"]
[Source "ChessBase"]
[SourceQuality "1"]
[TimeControl "40/5400+30:1800+30"]

1. Nf3 {[%emt 0:00:26]} Nc6 {[%emt 0:01:45]} 2. d4 {[%emt 0:00:22]} e6 {[%emt 0:02:04]} 3. e4 {[%emt 0:00:16]} b6 {[%emt 0:01:25]} 4. Bd3 {[%emt 0:01:28]} Bb7 {[%emt 0:05:10]} 5. O-O {[%emt 0:01:19]} Nb4 {[%emt 0:02:36]} 6. c4 {[%emt 0:01:27]} Nxd3 {[%emt 0:00:24]} 7. Qxd3 {[%emt 0:00:16]} d6 {[%emt 0:03:07]} 8. Nc3 {[%emt 0:01:56]} Be7 {[%emt 0:02:26]} 9. Be3 {[%emt 0:01:14]} a6 {[%emt 0:06:04]} 10. a4 {[%emt 0:01:11]} Nf6 {[%emt 0:03:01]} 11. h3 {[%emt 0:01:12]} O-O {[%emt 0:00:47]} 12. Nd2 {[%emt 0:03:28]} Nd7 {[%emt 0:02:24]} 13. f4 {[%emt 0:02:27]} f5 {[%emt 0:03:12]} 14. d5 $11 {[%emt 0:04:54]} exd5 {[%emt 0:05:27]} 15. exd5 {[%emt 0:01:35]} Qe8 {[%emt 0:03:45]} 16. Rae1 {[%emt 0:00:50]} Qf7 {[%emt 0:00:49]} 17. Nb3 {[%emt 0:04:42]} Nc5 {[%emt 0:05:36]} 18. Bxc5 {[%emt 0:09:39]} dxc5 {[%emt 0:02:49]} 19. Re6 {[%emt 0:00:53]} Bd6 {[%emt 0:03:43]} 20. Nd2 {[%emt 0:01:27]} Rad8 {[%emt 0:05:00]} 21. g3 {[%emt 0:04:28]} Bxf4 {[%emt 0:03:24]} 22. Rxf4 {[%emt 0:01:30]} Qxe6 {[%emt 0:00:13]} 23. Nf3 {[%emt 0:08:24]} Qf6 {[%emt 0:02:14]} 24. Nd1 {[%emt 0:00:33]} g5 {[%emt 0:01:17]} 25. Ne3 {[%emt 0:04:29]} gxf4 {[%emt 0:00:41]} 26. gxf4 {[%emt 0:00:09]} Rf7 {[%emt 0:02:34]} 27. Ng5 {[%emt 0:00:27]} Qg6 {[%emt 0:04:13]} 28. Kh2 {[%emt 0:00:09]} Rf6 {[%emt 0:01:20]} 29. Nf3 {[%emt 0:01:59]} Qh6 {[%emt 0:03:11]} 30. Ng5 {[%emt 0:00:21]} Qh4 {[%emt 0:02:05]} 31. Ng2 {[%emt 0:00:29]} Qf2 {[%emt 0:00:35]} 32. Qd1 {[%emt 0:00:16]} Rh6 {[%emt 0:01:27]} 33. Qd3 {[%emt 0:01:08]} Bc8 {[%emt 0:01:22]} 34. Qc3 {[%emt 0:00:39]} Re8 {[%emt 0:01:32]} 0-1

[Event "XIII Figueira da Foz Open 2019"]
[Site "Figueira da Foz"]
[Date "2019.10.29"]
[Round "3.19"]
[White "Goncalves, Lucas Jordao"]
[Black "Barros Gutierrez, Angel Luis"]
[Result "1-0"]
[WhiteElo "1447"]
[BlackElo "2038"]
[Annotator "NA RC"]
[PlyCount "104"]
[EventDate "2019.10.27"]
[EventType "swiss"]
[EventCountry "POR"]
[SourceTitle "playchess.com"]
[Source "ChessBase"]
[SourceQuality "1"]
[TimeControl "40/5400+30:1800+30"]

1. e4 c5 {[%emt 0:00:00]} 2. Nf3 {[%emt 0:00:00]} g6 {[%emt 0:00:13]} 3. d4 {[%emt 0:00:00]} e6 {[%emt 0:01:12]} 4. Nc3 {[%emt 0:00:16]} a6 {[%emt 0:00:30]} 5. Be3 {[%emt 0:00:22]} d5 {[%emt 0:00:30]} 6. exd5 {[%emt 0:00:00]} exd5 {[%emt 0:01:11]} 7. dxc5 {[%emt 0:00:24]} Nf6 {[%emt 0:00:51]} 8. Qd2 {[%emt 0:01:56]} Nc6 {[%emt 0:01:26]} 9. O-O-O {[%emt 0:02:59]} Be6 {[%emt 0:01:45]} 10. Nd4 {[%emt 0:00:30]} Qa5 {[%emt 0:02:29]} 11. Nb3 {[%emt 0:02:47]} Qc7 {[%emt 0:00:36]} 12. Be2 {[%emt 0:00:30]} Bg7 {[%emt 0:00:30]} 13. Bf3 {[%emt 0:03:14]} Rd8 14. Bf4 {[%emt 0:02:58]} Qc8 {[%emt 0:02:42]} 15. Na4 {[%emt 0:00:30]} Ne4 {[%emt 0:00:30]} 16. Qe3 {[%emt 0:00:30]} Nb4 {[%emt 0:00:30]} 17. a3 {[%emt 0:00:30]} Qc6 {[%emt 0:00:30]} 18. axb4 {[%emt 0:00:30]} Qxa4 {[%emt 0:00:30]} 19. Bxe4 {[%emt 0:00:30]} Qa2 {[%emt 0:00:30]} 20. Bf3 {[%emt 0:00:30]} Qxb2+ {[%emt 0:00:30]} 21. Kd2 {[%emt 0:00:30]} d4 {[%emt 0:00:30]} 22. Qd3 {[%emt 0:00:30]} O-O {[%emt 0:00:30]} 23. Rb1 {[%emt 0:00:30]} Qa3 {[%emt 0:00:30]} 24. Kd1 {[%emt 0:00:30]} Qxb4 {[%emt 0:00:30]} 25. Bd2 {[%emt 0:00:30]} Qa4 {[%emt 0:14:44]} 26. Bxb7 {[%emt 0:16:06]} Bc4 {[%emt 0:00:30]} 27. Qf3 {[%emt 0:00:30]} d3 {[%emt 0:00:30]} 28. Be4 {[%emt 0:00:30]} Qa2 {[%emt 0:00:30]} 29. Rc1 {[%emt 0:00:30]} Rfe8 {[%emt 0:00:30]} 30. c6 {[%emt 0:00:30]} dxc2+ {[%emt 0:00:30]} 31. Bxc2 {[%emt 0:00:30]} Be2+ {[%emt 0:00:30]} 32. Qxe2 {[%emt 0:00:30]} Rxe2 {[%emt 0:00:30]} 33. Kxe2 {[%emt 0:00:30]} Qa4 {[%emt 0:00:30]} 34. Nc5 {[%emt 0:00:30]} Qxc6 {[%emt 0:00:30]} 35. Be4 {[%emt 0:00:30]} Qb5+ {[%emt 0:00:30]} 36. Bd3 {[%emt 0:00:30]} Re8+ {[%emt 0:00:30]} 37. Be3 {[%emt 0:00:30]} Qb4 {[%emt 0:00:30]} 38. Nxa6 {[%emt 0:00:30]} Qg4+ {[%emt 0:00:30]} 39. Kf1 {[%emt 0:00:30]} Rd8 {[%emt 0:35:39]} 40. h3 {[%emt 0:33:39]} Qa4 {[%emt 0:00:00]} 41. Nc5 {[%emt 0:30:16]} Qa3 {[%emt 0:01:54]} 42. Ke2 {[%emt 0:00:17]} Bf8 {[%emt 0:02:52]} 43. Rhd1 {[%emt 0:02:06]} Rc8 {[%emt 0:06:04]} 44. Ne4 {[%emt 0:00:30]} Qb2+ {[%emt 0:05:27]} 45. Kf3 {[%emt 0:01:07]} Rxc1 {[%emt 0:00:30]} 46. Rxc1 {[%emt 0:00:08]} f5 {[%emt 0:01:07]} 47. Ng5 {[%emt 0:02:40]} Qb7+ {[%emt 0:01:36]} 48. Ke2 {[%emt 0:03:32]} Qe7 {[%emt 0:11:50]} 49. f4 $18 {[%emt 0:00:30]} h5 {[%emt 0:00:30]} 50. Ne6 {[%emt 0:00:30]} Qb7 {[%emt 0:00:30]} 51. Kf2 {[%emt 0:00:30]} Bd6 {[%emt 0:00:30]} 52. Rc2 {[%emt 0:05:40]} h4 {[%emt 0:08:13]} 1-0

[Event "XIII Figueira da Foz Open 2019"]
[Site "Figueira da Foz"]
[Date "2019.10.30"]
[Round "4.1"]
[White "Maiorov, Nikita"]
[Black "Klekowski, Maciej"]
[Result "0-1"]
[WhiteElo "2517"]
[BlackElo "2481"]
[Annotator "TA"]
[PlyCount "78"]
[EventDate "2019.10.27"]
[EventType "swiss"]
[EventCountry "POR"]
[SourceTitle "playchess.com"]
[Source "ChessBase"]
[SourceQuality "1"]

{[%evp 11,78,-2,13,-5,-5,2,8,0,0,0,-2,-5,0,0,22,23,15,16,30,0,16,0,-18,-1,0,0,0,0,0,0,0,0,0,-42,-47,-52,-45,-45,-27,-35,-35,-42,-35,-58,-57,-57,-57,-57,-57,-57,-64,-71,-56,-188,-189,-266,-211,-555,-531,-1199,-1170,-1771,-1604,-2239,-2175,-2175,-327,-1850,-1738]} 1. d4 Nf6 2. c4 e6 3. Nc3 Bb4 4. Qc2 O-O 5. a3 Bxc3+ 6. Qxc3 d5 7. e3 {E36: Nimzo-Indian: Classical: 4...d5 5 a3} (7. Nf3 dxc4 8. Qxc4 b6 9. Bg5 Bb7 10. Rd1 Nbd7 11. Ne5 h6 12. Bh4 c5 13. Nxd7 Qxd7 14. Bxf6 gxf6 15. dxc5 Qc7 16. h4 Rfd8 17. Rxd8+ Rxd8 {½-½ (30) Yu,Y (2763)-Ding,L (2811) Khanty-Mansiysk 2019}) 7... b6 8. cxd5 exd5 9. f3 {The position is equal.} Re8 10. Bb5 c6 $146 ({Predecessor:} 10... Re7 11. Ne2 Ba6 12. Bxa6 Nxa6 13. O-O c5 14. b3 Rc8 {0-1 (29) Maiorov,N (2510)-Plazuelo Pascual,J (2416) Roquetas de Mar 2019}) 11. Bd3 c5 {With the idea ...cxd4.} 12. Ne2 c4 13. Bc2 Nc6 14. O-O b5 15. b4 a5 16. Bd2 axb4 17. axb4 Bd7 18. Rxa8 Qxa8 19. Be1 Qa2 {[#] Hoping for ...Nxb4!} 20. Nc1 Qa7 21. Bh4 Bc8 {Strongly threatening ...Qe7.} 22. Bxf6 gxf6 23. Kf2 Qe7 24. Na2 f5 {Threatens to win with ...f4!} 25. f4 $1 Be6 26. Rb1 Ra8 27. Nc1 Qh4+ 28. Kg1 {[#]} Ra3 $1 $36 {[%mdl 2560] Black has some pressure.} 29. Qd2 (29. Qxa3 Qe1#) 29... Qe7 30. Ne2 Bd7 31. Kf2 $1 h5 32. Rb2 ({White should try} 32. h3 $1 $15) 32... Qh4+ $19 33. Kf1 (33. Kg1 $142) 33... Qxh2 {White must now prevent ...h4.} 34. Nc3 $2 (34. Rb1 {is tougher.}) 34... h4 35. Ra2 h3 {aiming for ...Qh1+.} 36. Rxa3 Qh1+ 37. Kf2 Qxg2+ 38. Ke1 Qg1+ 39. Ke2 h2 {Accuracy: White = 49%, Black = 69%.} 0-1